000 00696cam a22002413a 4500
001 7506
003 PGUSA
005 20140828083145.0
008 050201s2005||||xxu|||||s|||||000 1 eng d
040 _aPGUSA
_beng
042 _adc
050 4 _aPS
100 1 _aEllis, Edward Sylvester,
_d1840-1916
245 1 4 _aThe Huge Hunter; Or, The Steam Man of the Prairies
_h[electronic resource] /
_cEdward Sylvester Ellis
260 _bProject Gutenberg,
_c2005
506 _aPublic domain in the USA.
516 _aElectronic text
653 _aDime novels
653 _aRobots -- Fiction
830 0 _aProject Gutenberg
_v7506
856 4 0 _uhttp://www.gutenberg.org/ebooks/7506
942 _cEB
999 _c236826
_d236826